[Event "Russian Blitz Championship (w)"]
[Site "Sochi"]
[Date "2022.10.14"]
[Round "6.5"]
[White "Girya, Olga"]
[Black "Yakimova, Mariya"]
[Result "1-0"]
[BlackElo "2134"]
[WhiteElo "2298"]
[LiveChessVersion "1.4.8"]

1. d4 {[%clk 0:03:03]} Nf6 {[%clk 0:03:01]} 2. Nf3 {[%clk 0:03:05]} g6
{[%clk 0:03:03]} 3. Bg5 {[%clk 0:03:06]} Bg7 {[%clk 0:03:04]} 4. Nbd2
{[%clk 0:03:07]} d5 {[%clk 0:03:05]} 5. Bxf6 {[%clk 0:03:08]} Bxf6
{[%clk 0:03:06]} 6. e4 {[%clk 0:03:09]} dxe4 {[%clk 0:03:07]} 7. Nxe4
{[%clk 0:03:10]} Bg7 {[%clk 0:03:08]} 8. Bc4 {[%clk 0:03:09]} b6 {[%clk 0:02:43]}
9. O-O {[%clk 0:03:02]} Bb7 {[%clk 0:02:39]} 10. Re1 {[%clk 0:03:01]} O-O
{[%clk 0:02:39]} 11. c3 {[%clk 0:03:02]} Nd7 {[%clk 0:02:39]} 12. Qe2
{[%clk 0:02:58]} Nf6 {[%clk 0:02:28]} 13. Neg5 {[%clk 0:02:48]} Nd5
{[%clk 0:02:18]} 14. Ne5 {[%clk 0:02:25]} h6 {[%clk 0:02:05]} 15. Ngxf7
{[%clk 0:02:05]} Rxf7 {[%clk 0:02:06]} 16. Nxf7 {[%clk 0:02:06]} Kxf7
{[%clk 0:02:02]} 17. Qe6+ {[%clk 0:02:02]} Kf8 {[%clk 0:01:58]} 18. Qxg6
{[%clk 0:02:00]} Qe8 {[%clk 0:01:42]} 19. Qg3 {[%clk 0:01:37]} c6
{[%clk 0:01:06]} 20. Re4 {[%clk 0:01:24]} Qf7 {[%clk 0:00:59]} 21. Rae1
{[%clk 0:01:22]} Bf6 {[%clk 0:00:59]} 22. Qh3 {[%clk 0:01:06]} h5
{[%clk 0:00:38]} 23. Qd7 {[%clk 0:00:57]} Rb8 {[%clk 0:00:26]} 24. Bxd5
{[%clk 0:00:43]} cxd5 {[%clk 0:00:12]} 25. Rf4 {[%clk 0:00:28]} Kg7
{[%clk 0:00:09]} 26. Qc7 {[%clk 0:00:25]} Qe8 {[%clk 0:00:06]} 27. Rxf6
{[%clk 0:00:17]} Kxf6 {[%clk 0:00:06]} 28. Qe5+ {[%clk 0:00:18]} Kg6
{[%clk 0:00:05]} 29. Qe6+ {[%clk 0:00:19]} Kh7 {[%clk 0:00:06]} 30. Re5
{[%clk 0:00:10]} Bc8 {[%clk 0:00:04]} 31. Qxe7+ {[%clk 0:00:11]} Qxe7
{[%clk 0:00:05]} 32. Rxe7+ {[%clk 0:00:12]} Kg6 {[%clk 0:00:06]} 33. Rxa7
{[%clk 0:00:13]} Bf5 {[%clk 0:00:07]} 34. Re7 {[%clk 0:00:12]} Bb1
{[%clk 0:00:07]} 35. a3 Ba2 {[%clk 0:00:07]} 36. f3 {[%clk 0:00:13]} Bc4
{[%clk 0:00:06]} 37. Kf2 {[%clk 0:00:13]} b5 {[%clk 0:00:06]} 38. g4
{[%clk 0:00:11]} hxg4 {[%clk 0:00:07]} 39. fxg4 {[%clk 0:00:12]} Rh8
{[%clk 0:00:08]} 40. Kg3 {[%clk 0:00:13]} Rf8 {[%clk 0:00:09]} 41. Re6+
{[%clk 0:00:12]} Kg7 {[%clk 0:00:10]} 42. h4 {[%clk 0:00:13]} Rf1
{[%clk 0:00:11]} 43. h5 {[%clk 0:00:12]} Bd3 {[%clk 0:00:06]} 44. Kh4
{[%clk 0:00:12]} Be4 {[%clk 0:00:05]} 45. Kg5 {[%clk 0:00:11]} Rg1
{[%clk 0:00:05]} 46. h6+ {[%clk 0:00:10]} Kh7 {[%clk 0:00:05]} 47. Re7+
{[%clk 0:00:11]} Kg8 {[%clk 0:00:06]} 48. Kf4 {[%clk 0:00:06]} Rf1+
{[%clk 0:00:06]} 49. Ke5 {[%clk 0:00:07]} Rg1 {[%clk 0:00:06]} 50. Rg7+
{[%clk 0:00:08]} Kf8 {[%clk 0:00:04]} 51. g5 {[%clk 0:00:09]} Rh1
{[%clk 0:00:04]} 52. Kd6 Bf3 {[%clk 0:00:03]} 53. Kc5 {[%clk 0:00:11]} Be4
{[%clk 0:00:04]} 54. Kxb5 {[%clk 0:00:12]} Rh2 {[%clk 0:00:05]} 55. b4
{[%clk 0:00:12]} Rh3 {[%clk 0:00:07]} 56. Rc7 {[%clk 0:00:07]} Kg8
{[%clk 0:00:05]} 57. a4 {[%clk 0:00:07]} Rxc3 {[%clk 0:00:06]} 58. Rxc3
{[%clk 0:00:08]} 1-0

[Event "Russian Blitz Championship (w)"]
[Site "Sochi"]
[Date "2022.10.14"]
[Round "6.6"]
[White "Chernyak, Viktoria"]
[Black "Guseva, Marina"]
[Result "0-1"]
[BlackElo "2273"]
[WhiteElo "2152"]
[LiveChessVersion "1.4.8"]

1. c4 {[%clk 0:03:03]} Nf6 {[%clk 0:03:01]} 2. Nc3 {[%clk 0:03:01]} e6
{[%clk 0:03:02]} 3. e4 {[%clk 0:03:01]} d5 {[%clk 0:03:03]} 4. cxd5
{[%clk 0:03:02]} exd5 {[%clk 0:03:03]} 5. e5 {[%clk 0:03:02]} Ne4
{[%clk 0:02:56]} 6. d4 {[%clk 0:02:59]} c5 {[%clk 0:02:29]} 7. Nf3
{[%clk 0:02:47]} Nc6 {[%clk 0:02:25]} 8. Bb5 {[%clk 0:02:45]} Nxc3
{[%clk 0:01:47]} 9. bxc3 {[%clk 0:02:44]} Qa5 {[%clk 0:01:49]} 10. Bxc6+
{[%clk 0:02:13]} bxc6 {[%clk 0:01:50]} 11. Bd2 {[%clk 0:01:34]} Qa6
{[%clk 0:01:42]} 12. Qe2 {[%clk 0:01:32]} Be7 {[%clk 0:01:37]} 13. Bg5
{[%clk 0:01:18]} Qa3 {[%clk 0:01:28]} 14. Qd2 {[%clk 0:01:05]} Bxg5
{[%clk 0:01:20]} 15. Nxg5 {[%clk 0:01:06]} h6 {[%clk 0:01:20]} 16. Nf3
{[%clk 0:00:56]} Ba6 {[%clk 0:01:21]} 17. Rb1 {[%clk 0:00:26]} O-O
{[%clk 0:01:21]} 18. Rb3 {[%clk 0:00:27]} Qa5 {[%clk 0:01:09]} 19. Qb2
{[%clk 0:00:17]} cxd4 {[%clk 0:00:59]} 20. Nxd4 {[%clk 0:00:18]} c5
{[%clk 0:00:54]} 21. Ra3 {[%clk 0:00:14]} Qc7 {[%clk 0:00:53]} 22. Rxa6
{[%clk 0:00:14]} cxd4 {[%clk 0:00:53]} 23. cxd4 {[%clk 0:00:13]} Rab8
{[%clk 0:00:52]} 0-1

[Event "Russian Blitz Championship (w)"]
[Site "Sochi"]
[Date "2022.10.14"]
[Round "6.7"]
[White "Paramzina, Anastasya"]
[Black "Bivol, Alina"]
[Result "0-1"]
[BlackElo "2264"]
[WhiteElo "2129"]
[LiveChessVersion "1.4.8"]

1. e4 {[%clk 0:03:03]} e5 {[%clk 0:03:03]} 2. Nf3 {[%clk 0:03:04]} Nc6
{[%clk 0:03:04]} 3. Bc4 {[%clk 0:03:05]} Nf6 {[%clk 0:03:05]} 4. d3
{[%clk 0:03:06]} h6 {[%clk 0:03:05]} 5. O-O {[%clk 0:03:05]} d6 {[%clk 0:03:07]}
6. a4 {[%clk 0:03:00]} g5 {[%clk 0:03:04]} 7. a5 {[%clk 0:02:59]} a6
{[%clk 0:03:03]} 8. c3 {[%clk 0:02:44]} Bg7 {[%clk 0:03:04]} 9. Re1
{[%clk 0:02:43]} O-O {[%clk 0:02:52]} 10. h3 {[%clk 0:02:44]} Ne7
{[%clk 0:02:49]} 11. d4 {[%clk 0:02:39]} Ng6 {[%clk 0:02:50]} 12. Bf1
{[%clk 0:02:24]} Re8 {[%clk 0:02:28]} 13. Na3 {[%clk 0:02:13]} exd4
{[%clk 0:02:25]} 14. Nxd4 {[%clk 0:01:57]} Rxe4 {[%clk 0:02:03]} 15. Rxe4
{[%clk 0:01:50]} Nxe4 {[%clk 0:02:04]} 16. Nc4 {[%clk 0:01:41]} d5
{[%clk 0:02:01]} 17. Ne3 {[%clk 0:01:40]} Qf6 {[%clk 0:01:59]} 18. Qc2
{[%clk 0:01:40]} c6 {[%clk 0:02:00]} 19. Bd3 {[%clk 0:01:36]} Nc5
{[%clk 0:02:01]} 20. Bf5 {[%clk 0:01:35]} Bxf5 {[%clk 0:01:51]} 21. Nexf5
{[%clk 0:01:31]} Re8 {[%clk 0:01:50]} 22. Be3 {[%clk 0:01:30]} Ne6
{[%clk 0:01:47]} 23. Nxe6 {[%clk 0:01:21]} fxe6 {[%clk 0:01:39]} 24. Nxg7
{[%clk 0:01:20]} Kxg7 {[%clk 0:01:40]} 25. Re1 {[%clk 0:00:54]} e5
{[%clk 0:01:40]} 26. Bb6 {[%clk 0:00:53]} Rf8 {[%clk 0:01:26]} 27. Qe2
{[%clk 0:00:45]} Rf7 {[%clk 0:01:26]} 28. Ba7 {[%clk 0:00:36]} Qf5
{[%clk 0:01:07]} 29. Bb8 {[%clk 0:00:35]} e4 {[%clk 0:01:08]} 30. Ba7
{[%clk 0:00:36]} Nf4 {[%clk 0:01:08]} 31. Bd4+ {[%clk 0:00:37]} Kg6
{[%clk 0:01:09]} 32. Qc2 {[%clk 0:00:24]} h5 {[%clk 0:00:52]} 33. c4
{[%clk 0:00:25]} Kh6 {[%clk 0:00:36]} 34. cxd5 {[%clk 0:00:25]} cxd5
{[%clk 0:00:37]} 35. Bb6 {[%clk 0:00:21]} g4 {[%clk 0:00:33]} 36. h4
{[%clk 0:00:18]} Nd3 {[%clk 0:00:29]} 37. Rd1 {[%clk 0:00:09]} Kg6
{[%clk 0:00:19]} 38. Be3 {[%clk 0:00:08]} Qf6 {[%clk 0:00:19]} 39. Rd2
{[%clk 0:00:08]} Qxh4 {[%clk 0:00:19]} 40. Qc8 {[%clk 0:00:06]} Qe7
{[%clk 0:00:17]} 41. Qg8+ {[%clk 0:00:06]} Rg7 {[%clk 0:00:15]} 42. Qxd5
{[%clk 0:00:07]} Rf7 {[%clk 0:00:13]} 43. Rc2 {[%clk 0:00:08]} Qf6
{[%clk 0:00:13]} 44. Rc8 {[%clk 0:00:08]} Nxf2 {[%clk 0:00:14]} 45. Rg8+
{[%clk 0:00:05]} Kh7 {[%clk 0:00:15]} 46. Re8 {[%clk 0:00:05]} Nh3+
{[%clk 0:00:15]} 47. gxh3 {[%clk 0:00:05]} Qf1+ {[%clk 0:00:16]} 48. Kh2
{[%clk 0:00:06]} Qe2+ {[%clk 0:00:17]} 49. Kh1 {[%clk 0:00:04]} Rf1+
{[%clk 0:00:18]} 50. Bg1 {[%clk 0:00:05]} Qf3+ {[%clk 0:00:17]} 0-1

[Event "Russian Blitz Championship (w)"]
[Site "Sochi"]
[Date "2022.10.14"]
[Round "6.8"]
[White "Solozhenkina, Elizaveta"]
[Black "Diakonova, Ekaterina"]
[Result "0-1"]
[BlackElo "1987"]
[WhiteElo "2218"]
[LiveChessVersion "1.4.8"]

1. e4 {[%clk 0:03:03]} d6 {[%clk 0:03:03]} 2. d4 {[%clk 0:03:04]} Nf6
{[%clk 0:03:05]} 3. Nc3 {[%clk 0:03:06]} g6 {[%clk 0:03:06]} 4. Nf3
{[%clk 0:03:07]} Bg7 {[%clk 0:03:07]} 5. Be2 {[%clk 0:03:08]} O-O
{[%clk 0:03:07]} 6. O-O {[%clk 0:03:09]} Nc6 {[%clk 0:03:08]} 7. h3
{[%clk 0:03:08]} Re8 {[%clk 0:03:06]} 8. d5 {[%clk 0:02:56]} Nb8 {[%clk 0:03:05]}
9. Bf4 {[%clk 0:02:54]} c6 {[%clk 0:03:06]} 10. Re1 {[%clk 0:02:50]} cxd5
{[%clk 0:02:49]} 11. exd5 {[%clk 0:02:50]} Nbd7 {[%clk 0:02:51]} 12. Nd4
{[%clk 0:02:45]} Nc5 {[%clk 0:02:45]} 13. Bf3 {[%clk 0:02:41]} Nfd7
{[%clk 0:02:31]} 14. b4 {[%clk 0:02:33]} Na6 {[%clk 0:02:32]} 15. Rb1
{[%clk 0:02:10]} Ne5 {[%clk 0:02:10]} 16. Be2 {[%clk 0:02:11]} Nc7
{[%clk 0:02:00]} 17. Be3 {[%clk 0:02:12]} Nd7 {[%clk 0:01:30]} 18. h4
{[%clk 0:01:46]} Nf6 {[%clk 0:01:31]} 19. Bf3 {[%clk 0:01:44]} h5
{[%clk 0:01:28]} 20. Qd3 {[%clk 0:01:35]} Bg4 {[%clk 0:01:28]} 21. Bxg4
{[%clk 0:01:30]} Nxg4 {[%clk 0:01:30]} 22. Bf4 {[%clk 0:01:29]} Rc8
{[%clk 0:01:24]} 23. Rb3 {[%clk 0:00:46]} Na8 {[%clk 0:01:24]} 24. Nce2
{[%clk 0:00:42]} Nb6 {[%clk 0:01:23]} 25. Nf3 {[%clk 0:00:27]} Rc4
{[%clk 0:01:22]} 26. Bg5 {[%clk 0:00:24]} Qd7 {[%clk 0:01:21]} 27. Nd2
{[%clk 0:00:24]} Rc7 {[%clk 0:01:16]} 28. c4 {[%clk 0:00:25]} Rec8
{[%clk 0:01:15]} 29. Rc1 {[%clk 0:00:26]} Nf6 {[%clk 0:01:06]} 30. Rbb1
{[%clk 0:00:18]} Ng4 {[%clk 0:01:05]} 31. Bf4 {[%clk 0:00:15]} Bf6
{[%clk 0:01:03]} 32. Bg3 {[%clk 0:00:15]} Ne5 {[%clk 0:01:02]} 33. Bxe5
{[%clk 0:00:16]} Bxe5 {[%clk 0:01:03]} 34. Nf3 {[%clk 0:00:16]} Bf6
{[%clk 0:01:05]} 35. Rc2 Qg4 {[%clk 0:01:06]} 36. Rbc1 {[%clk 0:00:17]} Qd7
{[%clk 0:01:05]} 37. Ned4 {[%clk 0:00:14]} Qe8 {[%clk 0:01:02]} 38. Nb5
{[%clk 0:00:15]} Rd7 {[%clk 0:01:03]} 39. Nxa7 {[%clk 0:00:16]} Ra8
{[%clk 0:01:04]} 40. Nb5 {[%clk 0:00:17]} Rdd8 {[%clk 0:01:05]} 41. Nc7
{[%clk 0:00:18]} Qa4 {[%clk 0:01:05]} 42. Nxa8 Rxa8 43. c5 {[%clk 0:00:18]} Nc8
{[%clk 0:01:06]} 44. Qb3 {[%clk 0:00:14]} Qb5 {[%clk 0:01:07]} 45. Qc4
{[%clk 0:00:11]} Qa4 {[%clk 0:01:09]} 46. Nd4 {[%clk 0:00:11]} Qa3
{[%clk 0:01:06]} 47. Nb5 {[%clk 0:00:09]} Qa4 {[%clk 0:01:05]} 48. c6
{[%clk 0:00:09]} Nb6 {[%clk 0:01:05]} 49. Qd3 {[%clk 0:00:05]} bxc6
{[%clk 0:01:04]} 50. Rxc6 {[%clk 0:00:05]} Nd7 {[%clk 0:01:04]} 51. a3
{[%clk 0:00:05]} Ne5 {[%clk 0:01:05]} 52. Qe2 {[%clk 0:00:07]} Rb8
{[%clk 0:01:04]} 53. Rc8+ {[%clk 0:00:07]} Rxc8 {[%clk 0:01:05]} 54. Rxc8+
{[%clk 0:00:09]} Kg7 {[%clk 0:01:06]} 55. Rc1 {[%clk 0:00:09]} Bxh4
{[%clk 0:01:05]} 56. f4 {[%clk 0:00:08]} Ng4 {[%clk 0:01:05]} 57. Qb2+
{[%clk 0:00:06]} Bf6 {[%clk 0:01:05]} 58. Qe2 {[%clk 0:00:07]} Qb3
{[%clk 0:01:02]} 59. Kh1 {[%clk 0:00:04]} Qxd5 {[%clk 0:01:03]} 60. Nc3
{[%clk 0:00:05]} Qc6 {[%clk 0:01:01]} 61. Kg1 {[%clk 0:00:04]} Bxc3
{[%clk 0:01:02]} 62. Qc2 {[%clk 0:00:04]} Bd4+ {[%clk 0:01:03]} 63. Kh1
{[%clk 0:00:04]} Qd5 {[%clk 0:01:02]} 64. a4 {[%clk 0:00:04]} Ne3
{[%clk 0:01:02]} 65. Qe2 {[%clk 0:00:04]} Qe4 {[%clk 0:00:54]} 66. Rf1
{[%clk 0:00:04]} Qf5 {[%clk 0:00:54]} 67. Rf3 {[%clk 0:00:04]} Ng4
{[%clk 0:00:55]} 68. Qf1 {[%clk 0:00:04]} Qc2 {[%clk 0:00:49]} 69. a5
{[%clk 0:00:04]} Qa4 {[%clk 0:00:50]} 70. Qb1 {[%clk 0:00:04]} h4
{[%clk 0:00:47]} 71. Rb3 {[%clk 0:00:05]} Qb5 {[%clk 0:00:42]} 72. Ra3
{[%clk 0:00:05]} Qe2 {[%clk 0:00:40]} 73. Ra2 {[%clk 0:00:05]} Qe3
{[%clk 0:00:37]} 74. Qf1 {[%clk 0:00:03]} Nf6 {[%clk 0:00:28]} 75. Re2
{[%clk 0:00:03]} Qb3 {[%clk 0:00:27]} 76. Qf3 {[%clk 0:00:04]} Qb1+
{[%clk 0:00:28]} 77. Kh2 {[%clk 0:00:05]} Nh5 {[%clk 0:00:28]} 78. Qe4
{[%clk 0:00:03]} Qxb4 {[%clk 0:00:24]} 79. Rd2 {[%clk 0:00:05]} e5
{[%clk 0:00:25]} 80. fxe5 {[%clk 0:00:05]} Qxd2 {[%clk 0:00:26]} 81. exd6
{[%clk 0:00:03]} Be3 {[%clk 0:00:26]} 82. d7 {[%clk 0:00:03]} Bf4+
{[%clk 0:00:27]} 83. Kh3 {[%clk 0:00:05]} Qxd7+ {[%clk 0:00:27]} 0-1

[Event "Russian Blitz Championship (w)"]
[Site "Sochi"]
[Date "2022.10.14"]
[Round "7.2"]
[White "Bivol, Alina"]
[Black "Gunina, Valentina"]
[Result "0-1"]
[BlackElo "2376"]
[WhiteElo "2264"]
[LiveChessVersion "1.4.8"]

1. e4 {[%clk 0:03:02]} c6 {[%clk 0:03:03]} 2. d4 {[%clk 0:03:00]} d5
{[%clk 0:03:04]} 3. exd5 {[%clk 0:02:58]} cxd5 {[%clk 0:03:05]} 4. Bd3
{[%clk 0:02:59]} Nc6 {[%clk 0:03:06]} 5. c3 {[%clk 0:03:00]} e6 {[%clk 0:03:06]}
6. Bf4 {[%clk 0:02:54]} Nge7 {[%clk 0:03:07]} 7. Nf3 {[%clk 0:02:51]} Ng6
{[%clk 0:03:06]} 8. Bg3 {[%clk 0:02:51]} Bd6 {[%clk 0:03:06]} 9. O-O
{[%clk 0:02:46]} O-O {[%clk 0:02:55]} 10. Re1 {[%clk 0:02:43]} f6
{[%clk 0:02:40]} 11. Nbd2 {[%clk 0:02:31]} Bxg3 {[%clk 0:02:26]} 12. hxg3
{[%clk 0:02:31]} Qd6 {[%clk 0:02:26]} 13. Qe2 {[%clk 0:02:23]} Bd7
{[%clk 0:02:25]} 14. c4 {[%clk 0:02:03]} Rae8 {[%clk 0:02:25]} 15. Rad1
{[%clk 0:01:57]} b6 {[%clk 0:02:21]} 16. Nb3 {[%clk 0:01:47]} Nb4
{[%clk 0:02:13]} 17. c5 {[%clk 0:01:36]} Qb8 {[%clk 0:02:06]} 18. Bb1
{[%clk 0:01:26]} Ba4 {[%clk 0:01:59]} 19. Rc1 {[%clk 0:01:17]} e5
{[%clk 0:01:21]} 20. dxe5 {[%clk 0:00:46]} Bxb3 {[%clk 0:01:03]} 21. axb3
{[%clk 0:00:45]} Nxe5 {[%clk 0:01:01]} 22. Qd2 {[%clk 0:00:25]} bxc5
{[%clk 0:00:56]} 23. Rxc5 {[%clk 0:00:19]} Qb6 {[%clk 0:00:53]} 24. Rcc1
{[%clk 0:00:20]} Nxf3+ {[%clk 0:00:44]} 25. gxf3 {[%clk 0:00:21]} a5
{[%clk 0:00:46]} 26. Qf4 {[%clk 0:00:14]} Rxe1+ {[%clk 0:00:18]} 27. Rxe1
{[%clk 0:00:15]} Qd8 {[%clk 0:00:13]} 28. Qd4 {[%clk 0:00:11]} Qd6
{[%clk 0:00:08]} 29. Kg2 {[%clk 0:00:12]} g6 {[%clk 0:00:09]} 30. Qa7
{[%clk 0:00:12]} Rf7 {[%clk 0:00:08]} 31. Qxa5 {[%clk 0:00:13]} Kg7
{[%clk 0:00:09]} 32. Qb5 {[%clk 0:00:09]} d4 {[%clk 0:00:10]} 33. Bd3
{[%clk 0:00:09]} Rc7 {[%clk 0:00:08]} 34. Bc4 {[%clk 0:00:09]} d3
{[%clk 0:00:08]} 35. Qe8 {[%clk 0:00:10]} Qf8 {[%clk 0:00:06]} 36. Qxf8+
{[%clk 0:00:08]} Kxf8 {[%clk 0:00:07]} 37. Rd1 {[%clk 0:00:09]} Rd7
{[%clk 0:00:09]} 38. Rd2 {[%clk 0:00:09]} Ke7 {[%clk 0:00:09]} 39. f4
{[%clk 0:00:11]} f5 {[%clk 0:00:10]} 40. Kf3 {[%clk 0:00:12]} Kf6
{[%clk 0:00:11]} 41. Ke3 {[%clk 0:00:12]} Re7+ {[%clk 0:00:12]} 42. Kf3
{[%clk 0:00:11]} Nc2 {[%clk 0:00:06]} 43. g4 {[%clk 0:00:08]} Nd4+
{[%clk 0:00:04]} 44. Kg2 {[%clk 0:00:08]} fxg4 {[%clk 0:00:03]} 45. Rxd3
{[%clk 0:00:09]} Ne2 {[%clk 0:00:04]} 46. Rd8 {[%clk 0:00:08]} Nxf4+
{[%clk 0:00:05]} 47. Kg3 {[%clk 0:00:09]} Re4 {[%clk 0:00:04]} 48. Rf8+
{[%clk 0:00:09]} Kg5 {[%clk 0:00:05]} 49. Bf1 {[%clk 0:00:08]} h5
{[%clk 0:00:06]} 50. Rh8 {[%clk 0:00:08]} Re1 {[%clk 0:00:05]} 51. Bc4
{[%clk 0:00:09]} Rh1 {[%clk 0:00:05]} 52. f3 {[%clk 0:00:08]} Rh3+
{[%clk 0:00:06]} 53. Kf2 {[%clk 0:00:09]} Rxf3+ {[%clk 0:00:07]} 54. Kg1
{[%clk 0:00:10]} h4 {[%clk 0:00:07]} 55. Bf1 {[%clk 0:00:10]} Rxb3
{[%clk 0:00:08]} 56. Rc8 {[%clk 0:00:09]} h3 {[%clk 0:00:07]} 57. Rc5+
{[%clk 0:00:09]} Kh4 {[%clk 0:00:08]} 58. Rc4 {[%clk 0:00:06]} g5
{[%clk 0:00:09]} 59. Rc2 {[%clk 0:00:06]} g3 {[%clk 0:00:09]} 60. Bc4
{[%clk 0:00:06]} Re3 {[%clk 0:00:09]} 61. Kf1 {[%clk 0:00:06]} g2+
{[%clk 0:00:10]} 62. Kf2 {[%clk 0:00:06]} Re1 {[%clk 0:00:10]} 0-1

[Event "Russian Blitz Championship (w)"]
[Site "Sochi"]
[Date "2022.10.14"]
[Round "7.3"]
[White "Potapova, Margarita"]
[Black "Bodnaruk, Anastasia"]
[Result "1/2-1/2"]
[BlackElo "2332"]
[WhiteElo "2150"]
[LiveChessVersion "1.4.8"]

1. d4 {[%clk 0:03:03]} Nf6 {[%clk 0:03:04]} 2. c4 {[%clk 0:03:05]} g6
{[%clk 0:03:05]} 3. Nc3 {[%clk 0:03:06]} Bg7 4. e4 d6 {[%clk 0:03:08]} 5. h3
{[%clk 0:03:08]} O-O {[%clk 0:03:08]} 6. Be3 {[%clk 0:03:09]} e5 {[%clk 0:03:06]}
7. d5 {[%clk 0:03:11]} Na6 {[%clk 0:03:01]} 8. g4 {[%clk 0:03:11]} c6
{[%clk 0:03:01]} 9. Nge2 {[%clk 0:03:08]} cxd5 {[%clk 0:02:51]} 10. cxd5
{[%clk 0:03:09]} h5 {[%clk 0:02:45]} 11. f3 {[%clk 0:03:07]} Bd7 {[%clk 0:02:41]}
12. Nc1 {[%clk 0:03:01]} Nh7 {[%clk 0:02:30]} 13. Qd2 {[%clk 0:02:59]} Bf6
{[%clk 0:02:16]} 14. Nd3 {[%clk 0:02:16]} h4 {[%clk 0:01:59]} 15. O-O-O
{[%clk 0:02:06]} b5 {[%clk 0:01:56]} 16. Kb1 {[%clk 0:02:04]} b4 {[%clk 0:01:48]}
17. Ne2 {[%clk 0:02:05]} Rb8 {[%clk 0:01:34]} 18. Nec1 {[%clk 0:02:05]} Bb5
{[%clk 0:01:18]} 19. Nb3 {[%clk 0:02:04]} Bg5 {[%clk 0:01:18]} 20. Be2
{[%clk 0:01:58]} Qe7 {[%clk 0:00:42]} 21. Rc1 {[%clk 0:01:54]} Rfc8
{[%clk 0:00:41]} 22. Na5 {[%clk 0:01:43]} Rxc1+ {[%clk 0:00:28]} 23. Rxc1
{[%clk 0:01:44]} Bxe3 {[%clk 0:00:29]} 24. Qxe3 {[%clk 0:01:45]} Ng5
{[%clk 0:00:30]} 25. Nf2 {[%clk 0:01:36]} Nc5 {[%clk 0:00:25]} 26. Nd3
{[%clk 0:00:58]} Bxd3+ {[%clk 0:00:22]} 27. Bxd3 {[%clk 0:00:59]} Qf6
{[%clk 0:00:20]} 28. Nc6 {[%clk 0:00:57]} Rb7 {[%clk 0:00:19]} 29. Nxe5
{[%clk 0:00:34]} Nxd3 {[%clk 0:00:06]} 30. Nxd3 {[%clk 0:00:30]} Qxf3 31. Rc8+
{[%clk 0:00:15]} Kh7 {[%clk 0:00:07]} 32. Qxg5 {[%clk 0:00:11]} Qxd3+
{[%clk 0:00:08]} 33. Kc1 {[%clk 0:00:11]} Qf1+ {[%clk 0:00:07]} 34. Kd2
{[%clk 0:00:10]} Qf2+ {[%clk 0:00:08]} 35. Kd1 {[%clk 0:00:10]} Qf1+
{[%clk 0:00:08]} 36. Kd2 {[%clk 0:00:10]} Qf2+ {[%clk 0:00:10]} 37. Kd1
{[%clk 0:00:10]} Qf1+ {[%clk 0:00:11]} 38. Kd2 {[%clk 0:00:09]} Qf2+
{[%clk 0:00:11]} 39. Kd1 {[%clk 0:00:09]} Qf1+ {[%clk 0:00:12]} 1/2-1/2